000 00624nam a2200229Ia 4500
003 OSt
005 20221007075931.0
006 a|||||r|||| 00| 0
007 ta
008 221006b |||||||| |||| 00| 0 eng d
024 _a28,955
037 _cTextual
040 _aFLL
_cFLL
_beng
041 _2eng
_aeng
082 _aV261.N74, L6
100 _aRao V. Venkata
245 0 _aCentury of tribal politics in North East India
260 _aNew Delhi
_bS. Chand & Company Ltd. India
_c1976
300 _avi,556p
_ccm.
942 _hV261.N74, L6
_cTEXL
_2CC
999 _c1157871
_d1157871